000 00547nam a2200169 i 4500
001 45771
003 ES-MaACL
005 20230906161255.0
007 t|
008 030326s1885 sp ||||1| spa d
100 1 _aConde de Salazar, José.
_940118
245 1 0 _aTortilla al ron
_b: novela gastronómica social /
_cpor José Conde de Salazar con un prólogo de Eduardo López Bago.
260 _aMadrid :
_b[s.n.],
_c1885 (
_fM. Minuesa)
300 _aXV, 249 p. ;
_c19 cm.
700 1 _aLópez Bago, Eduardo.
_973430
852 _aES-MaACL
_jD-2660
999 _c45771
_d45771